Regioni d'Italia per Patrimonio UNESCO - Statistics

Statistiche generali
  • Questo quiz è stato fatto 86 volte
  • Il punteggio medio è 14 su 19
Statistiche sulle risposte
con Immagini Risposta % Corretto
Sicilia
100%
Puglia
99%
Toscana
99%
Lazio
97%
Piemonte
94%
Liguria
88%
Sardegna
85%
Umbria
83%
Basilicata
82%
Trentino-Alto Adige
67%
Emilia-Romagna
63%
Abruzzo
61%
Friuli-Venezia Giulia
60%
Marche
58%
Lombardia
56%
Molise
53%
Calabria
50%
Veneto
44%
Campania
42%
Nessun quiz corrispondente trovato
Distribuzione punteggi
Percentuale di utenti per punteggio
Percentile per numero di risposta
I tuoi punteggi nel tempo
Non hai fatto questo quiz